[Event "11th ECU Club Cup w"]
[Site "Feugen AUT"]
[Date "2006.10.10"]
[Round "3"]
[White "Muzychuk,A"]
[Black "Kochetkova,J"]
[Result "1-0"]
[WhiteElo "2452"]
[BlackElo "2342"]

1.e4 c5 2.Nf3 Nc6 3.Bb5 g6 4.O-O Bg7 5.c3 Nf6 6.d4 cxd4 7.cxd4 d5 8.e5 Ne4
9.Ne1 h6 10.f3 Ng5 11.Nc3 O-O 12.Be3 Qb6 13.a4 Rd8 14.Qd2 Na5 15.Rd1 Ne6
16.f4 Nc7 17.Bd3 Bg4 18.Nf3 Na6 19.h3 Bxf3 20.Rxf3 Nb4 21.Bb1 Nc4 22.Qf2 Nxe3
23.Rxe3 e6 24.g4 Nc6 25.Rf3 Ne7 26.f5 exf5 27.gxf5 gxf5 28.Bxf5 Nxf5 29.Rxf5 Rac8
30.Kh2 Rd7 31.Rg1 Rc6 32.Rf6 Kf8 33.Rf4 Rg6 34.Rxg6 Qxg6 35.Rg4 Qe6 36.Qh4 Qf5
37.Rg2 a6 38.Qg3 f6 39.Nxd5 Qg5 40.Qa3+  1-0

[Event "XI WCh-Blind"]
[Site "Goa IND"]
[Date "2006.10.10"]
[Round "2"]
[White "Suder,R"]
[Black "Vela Ignacio,J"]
[Result "1-0"]
[WhiteElo "2217"]
[BlackElo "2083"]

1.e4 c5 2.Nf3 Nc6 3.Bb5 g6 4.Bxc6 dxc6 5.h3 Bg7 6.d3 Nh6 7.Nc3 O-O 8.Be3 Qa5
9.Qd2 Qb4 10.O-O-O Bxc3 11.Qxc3 Qxc3 12.bxc3 Kg7 13.Bxc5 Ng8 14.g4 f6 15.Nd2 b6
16.Be3 Be6 17.f4 Bf7 18.Kb2 Rfd8 19.f5 e6 20.fxe6 Bxe6 21.Nf3 Ne7 22.g5 f5
23.Bd4+ Kg8 24.Bf6 Re8 25.exf5 Nxf5 26.Rhe1 Bd5 27.Ne5 c5 28.Rd2 Re6 29.Rf1 Rae8
30.Ng4 Re1 31.Rff2 R8e6 32.c4 Bc6 33.Bc3 Rh1 34.Nh6+ Nxh6 35.gxh6 Rxh3 36.Bg7 Bf3
37.Rd1 g5 38.Rg1 Rg6 39.Re1 Kf7 40.Re5 g4 41.Rf1 Rh1 42.Rf5+ Ke6 43.R5xf3 Rxf1
44.Rxf1 g3 45.Kc3 g2 46.Rg1 Kf5 47.Kd2 Kf4 48.Ke2 Kg3 49.Be5+ Kh3 50.Bf4 a6
51.a4 Rg4 52.Kf3 Rg6 53.c3 b5 54.cxb5 axb5 55.axb5 c4 56.Ke4 cxd3 57.Kxd3 Rf6
58.Be3 Kh2 59.b6 Rf7 60.c4 Re7 61.Rb1 Rf7 62.b7  1-0

[Event "Vasylyshyn Mem"]
[Site "Lviv UKR"]
[Date "2006.10.10"]
[Round "6"]
[White "Aveskulov,V"]
[Black "Grekh,A"]
[Result "1-0"]
[WhiteElo "2495"]
[BlackElo "2370"]

1.e4 c5 2.Nf3 Nc6 3.Bb5 g6 4.Bxc6 dxc6 5.d3 Bg7 6.h3 e5 7.Nc3 Qd6 8.Be3 Nf6
9.Qd2 b6 10.Bh6 O-O 11.Nh2 Be6 12.Ng4 Bxg4 13.hxg4 Nxg4 14.Bxg7 Kxg7 15.f3 Nf6
16.Qh6+ Kg8 17.g4 Rfd8 18.Ne2 c4 19.O-O-O cxd3 20.Rxd3 Qf8 21.Rxd8 Rxd8 22.Qg5 Qd6
23.a3 Kh8 24.Ng3 Ng8 25.Qh4 h6 26.Kb1 Kg7 27.Rg1 Kf8 28.Ne2 Qe7 29.Qe1 Qg5
30.Qc3 Qd2 31.Qc4 Qe3 32.Rf1 Ne7 33.Nc1 Qd4 34.Qe2 Qd2 35.Qa6 Qg2 36.Nb3 Rd7
37.a4 b5 38.Rc1 Qxf3 39.axb5 Qxg4 40.bxc6 Rc7 41.Qa5 Qc8 42.Qxe5 Rxc6 43.Nd4 Ra6
44.c4 Qd7 45.Rd1 Kg8 46.Rd2 Qa4 47.Nb3 Qe8 48.Nc5 Ra5 49.b4 Rxc5 50.Qxc5 Nc6
51.e5 Qe6 52.Rd5 h5 53.b5 Na5 54.Qd4 Qf5+ 55.Kb2 Qf3 56.Rd8+ Kh7 57.e6 Qe2+
58.Ka3 Qf3+ 59.Qd3 Qf4 60.Kb4 Nb7 61.Rd7 Nc5 62.Kxc5 Qe5+ 63.Qd5 Qe3+ 64.Kd6  1-0

[Event "7th Veselin Boskovic Mem Op"]
[Site "Beograd SRB"]
[Date "2006.10.11"]
[Round "9"]
[White "Vratonjic,S"]
[Black "Miladinovic,I"]
[Result "0-1"]
[WhiteElo "2467"]
[BlackElo "2598"]

1.e4 c5 2.Nf3 Nc6 3.Bb5 e6 4.O-O Nge7 5.c3 a6 6.Be2 d5 7.exd5 Nxd5 8.d4 cxd4
9.Nxd4 Bd7 10.Bf3 Nxd4 11.Qxd4 Bc6 12.Nd2 Ne7 13.Bxc6+ Nxc6 14.Qxd8+ Rxd8
15.Re1 h6 16.Ne4 f5 17.Ng3 Kf7 18.Be3 b5 19.Red1 Be7 20.Ne2 g5 21.f3 e5 22.Kf1 Ke6
23.Ke1 h5 24.Rxd8 Rxd8 25.Rd1 Rc8 26.Nc1 Na5 27.Nb3 Nc4 28.Bc1 f4 29.Ke2 a5
30.a3 b4 31.axb4 axb4 32.Rd3 g4 33.cxb4 Bxb4 34.g3 fxg3 35.hxg3 Nxb2 36.Bxb2 Rc2+
37.Kf1 Rxb2 38.fxg4 hxg4 39.Re3 Kd5  0-1

[Event "XI WCh-Blind"]
[Site "Goa IND"]
[Date "2006.10.12"]
[Round "4"]
[White "Ghadiri,H"]
[Black "Krishna,U"]
[Result "1/2-1/2"]
[WhiteElo "2130"]
[BlackElo "2057"]

1.e4 c5 2.Nf3 Nc6 3.Bb5 Nf6 4.e5 Nd5 5.O-O Nd4 6.Nxd4 cxd4 7.Re1 g6 8.c3 Qb6
9.Bc4 Nc7 10.Qf3 Ne6 11.cxd4 Bg7 12.Qf4 h5 13.Nc3 Bh6 14.Qh4  1/2-1/2

[Event "IRT5"]
[Site "Sao Paulo BRA"]
[Date "2006.10.12"]
[Round "2"]
[White "Pedroso,A"]
[Black "Aranha Filho,A"]
[Result "0-1"]
[WhiteElo "2081"]
[BlackElo "2315"]

1.e4 c5 2.Nf3 Nc6 3.Bb5 g6 4.O-O Bg7 5.Re1 Nf6 6.c3 O-O 7.d4 cxd4 8.cxd4 d5
9.Bxc6 bxc6 10.e5 Ne4 11.Nc3 Nxc3 12.bxc3 Qa5 13.Bg5 f6 14.exf6 exf6 15.Bd2 Bf5
16.Nh4 Be4 17.f3 Bd3 18.Re3 Qb5 19.a4 Qa6 20.g3 Rae8 21.Qe1 Kf7 22.Ng2 Bh6
23.f4 Rxe3 24.Bxe3 f5 25.Bc1 Be4 26.Ne3 Rb8 27.Ba3 Bf8 28.Bc1 Rb3 29.Qd2 Qa5
30.Bb2 c5 31.Nd1 cxd4 32.Kf1 Bc5 33.Ra2 Qa6+ 34.Ke1 Qc4 35.Ra1 dxc3 36.Bxc3 Rxc3
37.Nxc3 Bb4 38.Rc1 d4  0-1

[Event "Muensterland Open"]
[Site "Senden GER"]
[Date "2006.10.12"]
[Round "7"]
[White "Sicherl,P"]
[Black "Struk,J"]
[Result "0-1"]
[WhiteElo "2179"]
[BlackElo "2270"]

1.e4 c5 2.Nf3 Nc6 3.Bb5 g6 4.O-O Bg7 5.Re1 Nf6 6.d3 O-O 7.h3 Na5 8.c3 a6
9.Ba4 b5 10.Bc2 Bb7 11.Nbd2 Qc7 12.d4 cxd4 13.cxd4 Rac8 14.Bd3 Nh5 15.Nf1 Nf4
16.Bb1 Qxc1  0-1

[Event "WJun"]
[Site "Yerevan ARM"]
[Date "2006.10.12"]
[Round "9"]
[White "Alaverdyan,G"]
[Black "Matsenko,S"]
[Result "0-1"]
[WhiteElo "2202"]
[BlackElo "2363"]

1.e4 c5 2.Nf3 Nc6 3.Bb5 e6 4.Bxc6 bxc6 5.d3 Ne7 6.Qe2 f6 7.Nh4 g6 8.e5 Bg7
9.f4 O-O 10.Nf3 Nf5 11.Be3 Qb6 12.b3 Bh6 13.Bd2 Nd4 14.Nxd4 cxd4 15.O-O fxe5
16.Qxe5 Bg7 17.Qe1 c5 18.Bc1 Qc7 19.Qh4 e5 20.fxe5 Rxf1+ 21.Kxf1 Bb7 22.Bf4 Rf8
23.Kg1 Qc6 24.Qg3 Rxf4 25.Nd2 Bxe5 26.Nf3 Rf5 27.Nxe5 Rxe5 28.Rf1 Qe6 29.Qf4 Rf5
30.Qb8+ Kg7 31.Rxf5 gxf5  0-1

[Event "IRT5"]
[Site "Sao Paulo BRA"]
[Date "2006.10.13"]
[Round "4"]
[White "Limberg,E"]
[Black "Viana da Costa,F"]
[Result "1/2-1/2"]
[WhiteElo "2199"]
[BlackElo "2288"]

1.e4 c5 2.Nf3 Nc6 3.Bb5 e6 4.O-O Nge7 5.Re1 Ng6 6.Bxc6 bxc6 7.e5 Be7 8.d3 O-O
9.Nc3 f6 10.Qe2 Qc7 11.exf6 gxf6 12.Bh6 Rf7 13.h4 d5 14.Na4 Bd6 15.c4 e5
16.cxd5 cxd5 17.Rac1 Bg4 18.Qe3 Qe7 19.Nh2 Bd7 20.Nxc5 Nxh4 21.Nxd7 Qxd7
22.Qg3+ Ng6 23.Qf3 Bc7 24.Rc5 Rd8 25.Rec1 Bb6 26.Rc6 f5 27.Qh5 Ne7 28.R6c3 Ng6
29.Rc6 Ne7 30.R6c3 Ng6 31.Rc6  1/2-1/2

[Event "Muensterland Open"]
[Site "Senden GER"]
[Date "2006.10.13"]
[Round "8"]
[White "Ottens,S"]
[Black "Langhanke,G"]
[Result "0-1"]
[WhiteElo "2242"]
[BlackElo "2124"]

1.e4 c5 2.Nf3 Nc6 3.Bb5 a6 4.Bxc6 bxc6 5.d3 d6 6.h3 e5 7.Nbd2 Be7 8.Nc4 f5
9.Qe2 Nf6 10.Bd2 O-O 11.O-O-O a5 12.Ng5 a4 13.f4 h6 14.h4 Ng4 15.exf5 Bxf5
16.Ne4 exf4 17.Bxf4 d5 18.Ng3 Bd7 19.Ne5 Rxf4 20.Ng6 Rf7 21.Rhf1 Bxh4 22.Rxf7 Kxf7
23.Nxh4 Qxh4 24.Rf1+ Kg8 25.Qf3 Qe7  0-1

[Event "IRT5"]
[Site "Sao Paulo BRA"]
[Date "2006.10.14"]
[Round "6"]
[White "Limberg,E"]
[Black "Aranha Filho,A"]
[Result "1-0"]
[WhiteElo "2199"]
[BlackElo "2315"]

1.e4 c5 2.Nf3 Nc6 3.Bb5 g6 4.O-O Bg7 5.c3 Nf6 6.d4 cxd4 7.cxd4 a6 8.Bd3 d5
9.e5 Ne4 10.Nc3 Bf5 11.Re1 Nxc3 12.bxc3 Qd7 13.Rb1 Bxd3 14.Qxd3 O-O 15.Ng5 Nd8
16.e6 fxe6 17.Qh3 h6 18.Nxe6 Nxe6 19.Qxe6+ Qxe6 20.Rxe6 Kf7 21.Reb6 Rfc8
22.Bd2 Rab8 23.Rxb7 Rxb7 24.Rxb7 Rc4 25.Kf1 Ra4 26.Rb2 e5 27.dxe5 Bxe5 28.Ke2 Ra3
29.Rc2 h5 30.h3 Ke6 31.f4 Bf6 32.g4 h4 33.Be1 g5 34.Bd2 gxf4 35.Bxf4 Bxc3
36.Bc1 Bb2 37.Rxb2 Rxh3 38.Rb6+ Ke5 39.Rxa6 Rg3 40.g5 h3 41.Kf2 Rg2+ 42.Kf3 d4
43.Bf4+ Kd5 44.a4 Rg1 45.Rd6+ Kc4 46.Rxd4+ Kc3 47.Rd2 Rf1+ 48.Rf2 Rg1 49.Rh2 Rf1+
50.Kg4 Rg1+ 51.Kf5  1-0

[Event "I Patrimonio de la Humanidad Open"]
[Site "Alcala de Henares ESP"]
[Date "2006.10.15"]
[Round "9"]
[White "Caruana,F"]
[Black "Hernandez,Hold"]
[Result "1/2-1/2"]
[WhiteElo "2474"]
[BlackElo "2524"]

1.e4 c5 2.Nf3 Nc6 3.Bb5 e6 4.Bxc6 bxc6 5.b3 Ne7 6.h4 d5 7.d3 dxe4 8.dxe4 Qxd1+
9.Kxd1 a5 10.Bb2 a4 11.c4 Ng6 12.Kc2 axb3+ 13.axb3 Rxa1 14.Bxa1 h5 15.Ne5 Nxe5
16.Bxe5 f6 17.Bc7 e5 18.Nc3 Rh6 19.Rd1 Be7 20.Bd6 f5 21.Bxe7 Kxe7 22.exf5 Bxf5+
23.Kc1 Rg6 24.g3 Rd6 25.Rxd6 Kxd6 26.Kd2 Ke6 27.Na4 Kd6 28.Nb2 Ke6 29.Nd3 Bxd3
30.Kxd3 Kd6 31.Ke4 Ke6 32.f3 g6 33.Kd3 Kf5 34.Ke3 Kf6 35.g4 Kf7 36.gxh5 gxh5
37.Ke4 Ke6  1/2-1/2

[Event "XI WCh-Blind"]
[Site "Goa IND"]
[Date "2006.10.15"]
[Round "6"]
[White "Suder,R"]
[Black "Guzynin,V"]
[Result "0-1"]
[WhiteElo "2217"]
[BlackElo "2302"]

1.e4 c5 2.Nf3 Nc6 3.Bb5 e6 4.Bxc6 bxc6 5.d3 Ne7 6.Bd2 d6 7.e5 d5 8.Qe2 Nf5
9.O-O Be7 10.c4 O-O 11.Nc3 Nd4 12.Qd1 f6 13.exf6 Bxf6 14.Ne1 Rb8 15.Rb1 Bd7
16.Na4 Qe7 17.Nc2 Be8 18.Be3 Bg6 19.b3 dxc4 20.Bxd4 cxd4 21.dxc4 e5 22.c5 Rbd8
23.Nb4 Qb7 24.Nd3 e4 25.Nf4 Bf5 26.Nh5 Be5 27.f4 exf3 28.Rc1 fxg2 29.Rf2 d3
30.Rc4 Qd7 31.Rxg2 Bd4+ 32.Kh1 Be4  0-1

[Event "WJun"]
[Site "Yerevan ARM"]
[Date "2006.10.15"]
[Round "12"]
[White "Wen Yang"]
[Black "Zhao Jun"]
[Result "1-0"]
[WhiteElo "2416"]
[BlackElo "2539"]

1.e4 c5 2.Nf3 Nc6 3.Bb5 Nf6 4.Qe2 g6 5.Nc3 Bg7 6.e5 Ng4 7.Bxc6 dxc6 8.h3 Nh6
9.g4 O-O 10.d3 Qb6 11.b3 f5 12.Na4 Qc7 13.Bxh6 Bxh6 14.g5 Bg7 15.O-O-O Qa5
16.Kb1 f4 17.h4 Bg4 18.h5 gxh5 19.Rdg1 Rf5 20.Qe4 e6 21.Rh4 Rd8 22.Nb2 Bxf3
23.Qxf3 Qc3 24.Nd1 Qxe5 25.Kc1 Rxg5 26.Rxg5 Qxg5 27.Rxh5 Qg6 28.Rxc5 e5 29.Nc3 Rd6
30.Ne4 Qg1+ 31.Kb2 Rh6 32.d4 Rh1 33.dxe5 Qc1+ 34.Kc3 Qa1+ 35.Kb4 Qd4+ 36.c4 b6
37.Rxc6 Bf8+ 38.Kb5 Qxe5+ 39.Ka6 Rg1 40.Nf6+ Kh8 41.Qd5 Qxd5 42.cxd5 Kg7
43.Nh5+ Kf7 44.Rc7+ Kg6 45.Nxf4+ Kf5 46.Rf7+  1-0

[Event "Autumn Cup"]
[Site "Bucharest ROM"]
[Date "2006.10.16"]
[Round "6"]
[White "Burnoiu,N1"]
[Black "Murariu,A"]
[Result "0-1"]
[WhiteElo "2419"]
[BlackElo "2516"]

1.e4 c5 2.Nf3 Nc6 3.Bb5 d6 4.d4 cxd4 5.Qxd4 Bd7 6.Bxc6 Bxc6 7.Nc3 Nf6 8.Bg5 e6
9.O-O-O Be7 10.Kb1 O-O 11.h4 h6 12.Rh3 b5 13.e5 dxe5 14.Qxe5 Qb8 15.Qe3 b4
16.Bxf6 Bxf6 17.Ne4 Bxe4 18.Qxe4 Rd8 19.Rhh1 Qb6 20.g4 Rxd1+ 21.Rxd1 Rd8
22.Re1 g6 23.g5 hxg5 24.hxg5 Bg7 25.Qe2 Rd5 26.Rg1 a5 27.Nd2 Qd4 28.Nc4 a4
29.a3 bxa3 30.c3 Qf4 31.Nxa3 Rd2 32.Qb5 Qxf2 33.Qb8+ Bf8 34.Rh1 Qf5+ 35.Ka1 Qxg5
36.Nc4 Qd8 37.Qf4 Rd1+ 38.Rxd1 Qxd1+ 39.Ka2 Qb3+ 40.Ka1 a3 41.bxa3 Bg7  0-1

[Event "XI WCh-Blind"]
[Site "Goa IND"]
[Date "2006.10.17"]
[Round "8"]
[White "Tamayo,N"]
[Black "Vela Ignacio,J"]
[Result "0-1"]
[WhiteElo "2211"]
[BlackElo "2083"]

1.e4 c5 2.Nf3 Nc6 3.Bb5 g6 4.Bxc6 dxc6 5.d3 Bg7 6.h3 e5 7.Nc3 Nf6 8.Be3 Qe7
9.Qd2 b5 10.Ne2 a5 11.Ng3 b4 12.O-O h5 13.Bg5 Qd6 14.b3 Nd7 15.Nh4 Nf8 16.a3 Ne6
17.Be3 Qe7 18.Nf3 Nf4 19.axb4 cxb4 20.d4 h4 21.Ne2 Nxe2+ 22.Qxe2 O-O 23.Rfd1 exd4
24.Bxd4 Bf5 25.Bxg7 Kxg7 26.Re1 Rfe8 27.e5 Ra7 28.Qc4 c5 29.Re2 g5 30.Qb5 g4
31.hxg4 Bxg4 32.Qc6 h3 33.Qe4 Bxf3 34.Qxf3 hxg2 35.Qg3+ Kf8 36.Kxg2 Ra6 37.Kf1 Rg6
38.Qh2 Qg5 39.f4 Qg4  0-1

[Event "Belgrade-Dallas m"]
[Site "ICC INT"]
[Date "2006.10.20"]
[Round "1"]
[White "Kiewra,K"]
[Black "Blesic,V"]
[Result "1-0"]
[WhiteElo "2264"]
[BlackElo "2289"]

1.e4 c5 2.Nf3 Nc6 3.Bb5 g6 4.Bxc6 bxc6 5.O-O Bg7 6.Re1 Nf6 7.Nc3 O-O 8.e5 Nd5
9.d3 Nxc3 10.bxc3 d6 11.exd6 exd6 12.Bg5 Qc7 13.Qd2 Bg4 14.Qf4 Bxf3 15.Qxf3 Rfe8
16.Bf6 Qd7 17.g3 Rxe1+ 18.Rxe1 Re8 19.Rxe8+ Qxe8 20.Kg2 Qe6 21.Bxg7 Kxg7
22.Qxc6 Qxa2 23.Qxd6 Qxc2 24.c4 Qc3 25.Qxc5 Qxd3 26.Qe5+ Kg8 27.c5 Qd7 28.Qb8+ Kg7
29.Qa8 Kf6 30.c6 Qd5+ 31.f3 Qa2+ 32.Kh3 Qe6+ 33.g4 Qd5 34.Qh8+ Ke6 35.Qc3 Qd8
36.Qe3+ Kd6 37.Qd2+ Ke7 38.Qe3+ Kd6 39.Qd4+ Kc7 40.Qxa7+ Kxc6 41.Qxf7 Qh8
42.Qe7 Kd5 43.Kh4 Qb2 44.Qd7+ Kc5 45.Qc7+ Kd5 46.Kg5 Qd2+ 47.Kf6 Qd4+ 48.Kf7 Qf2
49.Qf4 Qa7+ 50.Kg8 h5 51.Qf7+ Qxf7+ 52.Kxf7  1-0

[Event "WYB18"]
[Site "Batumi GEO"]
[Date "2006.10.21"]
[Round "3"]
[White "Lin,Z"]
[Black "Wang,Da"]
[Result "0-1"]
[WhiteElo "2066"]
[BlackElo "2206"]

1.e4 c5 2.Nf3 Nc6 3.Bb5 g6 4.Bxc6 dxc6 5.d3 Bg7 6.h3 Nf6 7.Nc3 O-O 8.Be3 Nd7
9.Qd2 Re8 10.Bh6 Bh8 11.Ng5 Qb6 12.O-O-O Qa5 13.Kb1 b5 14.h4 c4 15.h5 b4
16.hxg6 hxg6 17.Qf4 f6 18.Qh4 fxg5 19.Bxg5 Bg7 20.Qh7+ Kf7 21.Bh6 Rg8 22.e5 Nf8
23.e6+ Bxe6 24.Qxg8+ Kxg8 25.Bxg7 Kxg7 26.Ne4 c3 27.a3 cxb2  0-1

[Event "WYG18"]
[Site "Batumi GEO"]
[Date "2006.10.22"]
[Round "4"]
[White "Hoolt,S"]
[Black "Przezdziecka,M"]
[Result "0-1"]
[WhiteElo "2135"]
[BlackElo "2299"]

1.e4 c5 2.Nf3 Nc6 3.Bb5 d6 4.O-O Bd7 5.Re1 a6 6.Bf1 Bg4 7.d3 e6 8.Nbd2 Nf6
9.h3 Bh5 10.g4 Bg6 11.Nh4 Nd7 12.Ng2 h5 13.f4 hxg4 14.hxg4 e5 15.f5 Bh7 16.Nf3 g6
17.c3 gxf5 18.gxf5 Rg8 19.Be3 Nf6 20.Qd2 Ng4 21.d4 Nxe3 22.Qxe3 cxd4 23.cxd4 Qb6
24.dxe5 Qxe3+ 25.Rxe3 dxe5 26.Rc3 Rg4 27.a3 Be7 28.Re1 Bd8 29.Bc4 Ba5 30.b4 Bb6+
31.Kf1 f6 32.Bd5 Nd8 33.Ne3 Rg3 34.Ke2 Bg8 35.Bxg8 Bxe3 36.Kxe3 Rxg8 37.Rc7 Nc6
38.Rxb7 Nd4 39.Nxd4 exd4+ 40.Kxd4 O-O-O+ 41.Ke3 Kxb7 42.Rh1 Rg3+ 43.Kf2 Rxa3  0-1

[Event "14th Chigorin Mem B"]
[Site "St-Petersburg RUS"]
[Date "2006.10.23"]
[Round "1"]
[White "Sariyev,R"]
[Black "Lelekova,O"]
[Result "0-1"]
[WhiteElo "1927"]
[BlackElo "2194"]

1.e4 c5 2.Nf3 Nc6 3.Bb5 Nf6 4.Bxc6 bxc6 5.d3 g6 6.O-O Bg7 7.Re1 O-O 8.e5 Nd5
9.c4 Nc7 10.d4 cxd4 11.Qxd4 Ne6 12.Qh4 Rb8 13.Nc3 f6 14.exf6 exf6 15.Qg3 Ba6
16.b3 f5 17.Ne5 Qc7 18.f4 g5 19.c5 gxf4 20.Bxf4 Nxf4 21.Qxf4 Rbe8 22.Qa4 Rxe5
23.Qxa6 Rxc5 24.Na4 Ra5 25.Qc4+ d5 26.Qh4 Bf6 27.Qb4 Bxa1 28.Rxa1 Rb5 29.Qh4 a5
30.Re1 Qa7+ 31.Kh1 Rb4 32.Qg3+ Rg4 33.Qf3 Re4 34.Rxe4 fxe4 35.Qg4+ Kh8 36.Qe2 Qd4
37.h3 Rf2 38.Qe1 e3  0-1

[Event "14th Chigorin Mem B"]
[Site "St-Petersburg RUS"]
[Date "2006.10.23"]
[Round "1"]
[White "Ivkina,O"]
[Black "Hagen,Ande"]
[Result "1-0"]
[WhiteElo "2206"]
[BlackElo "1965"]

1.e4 c5 2.Nf3 Nc6 3.Bb5 Nf6 4.Nc3 Qc7 5.O-O Nd4 6.Bc4 a6 7.a4 d6 8.h3 e5
9.d3 Be6 10.b3 Be7 11.a5 O-O 12.Ng5 h6 13.Nxe6 fxe6 14.f4 exf4 15.Bxf4 Qd7
16.e5 dxe5 17.Bxe5 Bd6 18.Bxf6 gxf6 19.Ne4 f5 20.Nxd6 Qxd6 21.c3 Nc6 22.Qe2 Rf6
23.Rxf5 Rg6 24.Raf1 Nxa5 25.Rf6 Rxf6 26.Rxf6 Nxc4 27.Qg4+ Kh7 28.Rf7+ Kh8
29.Qg7+  1-0

[Event "14th Chigorin Mem B"]
[Site "St-Petersburg RUS"]
[Date "2006.10.25"]
[Round "3"]
[White "Sariyev,R"]
[Black "Vrublevskaya,O"]
[Result "0-1"]
[WhiteElo "1927"]
[BlackElo "2163"]

1.e4 c5 2.Nf3 Nc6 3.Bb5 e6 4.O-O Nge7 5.c3 a6 6.Ba4 b5 7.Bc2 Bb7 8.Re1 Rc8
9.d3 Ng6 10.a3 d5 11.exd5 Qxd5 12.d4 Be7 13.Be4 Qd7 14.dxc5 Qxd1 15.Rxd1 Bxc5
16.Be3 Bxe3 17.fxe3 f5 18.Bxc6+ Bxc6 19.Nbd2 Ke7 20.Nb3 Bxf3 21.gxf3 Ne5
22.Kf2 Nc4 23.Rab1 e5 24.Nd2 Nb6 25.Nb3 g5 26.Na5 Ke6 27.Rd2 Rhd8 28.Rbd1 Rxd2+
29.Rxd2 h5 30.h3 Nc4 31.Nxc4 bxc4 32.e4 f4 33.Ke1 Rb8 34.Kd1 Rb6 35.Kc2 Rd6
36.Rg2 Kf6 37.b3 cxb3+ 38.Kxb3 Rd3 39.Rf2 g4 40.hxg4 hxg4 41.fxg4 Kg5 42.Kc2 Re3
43.c4 Rxe4 44.Kc3 Rd4 45.c5 Kxg4 46.Rg2+ Kf3 47.Rd2 Rxd2 48.Kxd2 e4 49.c6 Kf2
50.c7 e3+ 51.Kd3 e2 52.c8=Q e1=Q 53.Qc2+ Kg3 54.Qc7 Qe3+ 55.Kc2 Qxa3 56.Qg7+ Kf3
57.Qb7+ Kf2 58.Qh1 Qc5+ 59.Kb2 Qd4+ 60.Kc2 Qc4+  0-1

[Event "14th Chigorin Mem"]
[Site "St-Petersburg RUS"]
[Date "2006.10.25"]
[Round "4"]
[White "Yandemirov,V"]
[Black "Khusnutdinov,R"]
[Result "1-0"]
[WhiteElo "2528"]
[BlackElo "2411"]

1.e4 c5 2.Nf3 Nc6 3.Bb5 g6 4.O-O Bg7 5.c3 Nf6 6.Qa4 a6 7.Re1 Na5 8.Bf1 b5
9.Qa3 Qb6 10.d4 cxd4 11.cxd4 b4 12.Qd3 O-O 13.Bg5 d6 14.a3 bxa3 15.Rxa3 Nc6
16.d5 Nb4 17.Qd2 e6 18.dxe6 Bxe6 19.Nc3 a5 20.Nd4 Ng4 21.Ndb5 Ne5 22.Na4 Qb8
23.Be7 d5 24.Bd6 Qd8 25.exd5 Bf5 26.Bxe5 Nc2 27.Bxg7 Kxg7 28.Nd4 Nxe1 29.Nxf5+ gxf5
30.Rg3+ Kh8 31.Qxe1  1-0

[Event "14th Chigorin Mem"]
[Site "St-Petersburg RUS"]
[Date "2006.10.26"]
[Round "5"]
[White "Yandemirov,V"]
[Black "Bocharov,D"]
[Result "1/2-1/2"]
[WhiteElo "2528"]
[BlackElo "2577"]

1.e4 c5 2.Nf3 Nc6 3.Bb5 g6 4.O-O Bg7 5.c3 Nf6 6.Re1 O-O 7.h3 e5 8.d4 cxd4
9.cxd4 d5 10.Bxc6 bxc6 11.Nxe5 Nxe4 12.Nc3 c5 13.Be3 Re8 14.Nxe4 dxe4 15.Rc1 Bf8
16.Nc4 cxd4 17.Qxd4 Be6 18.Qxd8 Rexd8 19.Bg5 Rd4 20.b3 f5 21.Red1 Rxd1+ 22.Rxd1 a5
23.Nb6 Ra7 24.Rd8 Kf7 25.Nc4 Bxc4 26.bxc4 Rc7 27.Ra8 Bb4 28.a3 Bc3 29.Bd8 Rxc4
30.Ra7+ Ke6 31.Bxa5 Bd4 32.Rc7 Bc5 33.Kf1 Rc1+ 34.Ke2 Bxa3 35.Rxh7 Rc2+ 36.Kf1 Bc5
37.Be1 f4 38.Rg7 e3 39.fxe3 fxe3 40.g4 e2+ 41.Kg2 Rc1 42.Rxg6+ Kf7 43.Rc6 Rxe1
44.Kf3 Be7 45.Rc2 Rh1 46.Rxe2 Rxh3+ 47.Kf4 Rb3 48.Kf5 Rf3+ 49.Ke4 Rf1 50.Rb2 Kg6
51.Rb5 Re1+ 52.Kf3 Ra1 53.Rb6+ Bf6 54.Rb5 Ra3+ 55.Kf4 Bd4 56.Rd5 Be3+ 57.Ke4 Bh6
58.Rd3 Ra4+ 59.Rd4 Ra8 60.Rd5 Bg7 61.Rc5 Re8+ 62.Kf3 Re6 63.Rc4 Bh6 64.Re4 Rd6
65.Re5 Rd3+ 66.Ke4 Rg3 67.Re6+ Kg5 68.Kd5 Bg7 69.Re4 Bb2 70.Re8 Rd3+ 71.Ke4 Rd4+
72.Ke3 Rd7 73.Rb8 Bc1+ 74.Ke4 Kxg4 75.Re8 Rd1 76.Re6 Bg5 77.Ke5 Bf4+ 78.Ke4 Ra1
79.Kd5 Kf5 80.Rc6  1/2-1/2

[Event "14th Chigorin Mem B"]
[Site "St-Petersburg RUS"]
[Date "2006.10.26"]
[Round "5"]
[White "Belousov,D"]
[Black "Malakhov,I"]
[Result "1/2-1/2"]
[WhiteElo "2268"]
[BlackElo "2181"]

1.e4 c5 2.Nf3 Nc6 3.Bb5 e6 4.O-O Nge7 5.c3 a6 6.Ba4 b5 7.Bc2 Bb7 8.Qe2 e5
9.a4 Ng6 10.d3 Be7 11.axb5 axb5 12.Rxa8 Bxa8 13.Na3 Qb8 14.Bb3 b4 15.cxb4 Qxb4
16.Bd5 O-O 17.Nc4 Bf6 18.g3 Nge7 19.Bd2 Qb8 20.Bxc6 Nxc6 21.Ra1  1/2-1/2

[Event "14th Chigorin Mem"]
[Site "St-Petersburg RUS"]
[Date "2006.10.27"]
[Round "6"]
[White "Lastin,A"]
[Black "Khusnutdinov,R"]
[Result "1-0"]
[WhiteElo "2599"]
[BlackElo "2411"]

1.e4 c5 2.Nf3 Nc6 3.Bb5 g6 4.Bxc6 bxc6 5.O-O Bg7 6.Re1 Nh6 7.c3 O-O 8.d4 cxd4
9.cxd4 d5 10.e5 f6 11.h3 Nf7 12.Nc3 fxe5 13.dxe5 e6 14.Na4 g5 15.Nc5 h6 16.Bd2 a5
17.Rc1 Qb6 18.Qc2 Rb8 19.b3 Qd8 20.Nd4 Qe8 21.Bxa5 Ra8 22.b4 Rxa5 23.bxa5 Nxe5
24.a6 Qf7 25.a7 Qxa7 26.Ndxe6 Re8 27.Rxe5  1-0

[Event "14th Chigorin Mem B"]
[Site "St-Petersburg RUS"]
[Date "2006.10.28"]
[Round "7"]
[White "Nezbailo,D"]
[Black "Hagen,Ande"]
[Result "1/2-1/2"]
[WhiteElo "2039"]
[BlackElo "1965"]

1.e4 c5 2.Nf3 Nc6 3.Bb5 Nf6 4.Bxc6 dxc6 5.d3 Qc7 6.O-O e5 7.Bg5 Be7 8.Nbd2 Be6
9.b3 h6 10.Bxf6 Bxf6 11.Nc4 Bg4 12.Ne3 Bh5 13.Nf5 g6 14.Ne3 Qd7 15.h3 g5
16.g4 Bg6 17.Kg2 h5 18.Qe2 O-O-O 19.Nf5 Bxf5 20.gxf5 g4 21.hxg4 Rdg8 22.Nh2 hxg4
23.Nxg4 Qd8 24.f3 Bg5 25.Rh1 Bf4 26.Qf2 b6 27.a4 a5 28.Rxh8 Rxh8 29.Rh1 Kb7
30.Rxh8 Qxh8 31.Qe1 Kc7 32.Qh1 Qxh1+ 33.Kxh1 Kd7 34.Kg2 Ke7 35.c4 f6 36.Kh3 Bg5
37.Nf2 Kf7 38.Kg4 Be3 39.Nh3 Ke7 40.f4 Kd6 41.Kf3 Bd2 42.fxe5+ Kxe5 43.Ke2 Bc1
44.Ng1 Kd4 45.Nf3+ Kc3 46.e5 fxe5 47.Nxe5 Bg5 48.Nd7 Kxb3 49.Nxb6 Be7 50.Nd7 Kxa4
51.f6 Bd6 52.Kd2 Kb3 53.Kc1 Kc3 54.f7 Kxd3 55.Ne5+ Kd4 56.Nxc6+ Kxc4 57.Nxa5+ Kd5
58.Kc2 Ke6 59.Nb7 Kxf7 60.Nxd6+ Ke6 61.Ne4  1/2-1/2

[Event "Open A"]
[Site "Le Touquet FRA"]
[Date "2006.10.29"]
[Round "2"]
[White "Platel,A"]
[Black "Petrov,Marij"]
[Result "0-1"]
[WhiteElo "2161"]
[BlackElo "2457"]

1.e4 c5 2.Nf3 Nc6 3.Bb5 g6 4.O-O Bg7 5.Re1 Nf6 6.c3 O-O 7.h3 Qb6 8.Na3 d5
9.e5 Ne8 10.d4 cxd4 11.cxd4 Nc7 12.Bf1 Bf5 13.Re3 Be4 14.Ng5 Rad8 15.Rb3 Qxd4
16.Qxd4 Nxd4 17.Rxb7 Bxe5 18.Nxe4 dxe4 19.Nc4 Nc2 20.Rb1 Rb8 21.Rxb8 Rxb8
22.Nxe5 Na3 23.Ra1 Nc2 24.Rb1 Na3 25.Nd7 Rb7 26.Nc5 Rb8 27.Ra1 Nc2 28.Rb1 Na3
29.bxa3 Rxb1 30.Nb3 Nd5 31.Bd2 Rb2 32.a4 Rxa2 33.a5 e6 34.Bc4 Rc2 35.Bf1 f5
36.g3 e5 37.a6 Kg7 38.h4 f4 39.gxf4 exf4 40.Bg2 Rb2 41.Bxe4 Rxb3 42.Bxd5 Rd3
43.Bxf4 Rxd5 44.Be3 Rd7 45.Kg2 Kf6 46.Kf3 Kf5 47.Kg3 Rd3 48.Kg2 Rxe3 49.fxe3 Kg4
50.e4 Kf4 51.Kh3 Kxe4 52.Kg4 h6 53.Kg3 h5  0-1

[Event "Open A"]
[Site "Le Touquet FRA"]
[Date "2006.10.30"]
[Round "4"]
[White "Platel,A"]
[Black "Pirouelle,M"]
[Result "1-0"]
[WhiteElo "2161"]
[BlackElo "1700"]

1.e4 c5 2.Nf3 Nc6 3.Bb5 Nd4 4.Nxd4 cxd4 5.c3 e5 6.O-O a6 7.Bc4 Nf6 8.cxd4 d5
9.Bxd5 exd4 10.Qa4+ Bd7 11.Qxd4 Bc6 12.Bxc6+ bxc6 13.Qc4 Qb6 14.Nc3 Bd6 15.e5 Bxe5
16.Re1 O-O 17.Rxe5 h5 18.d4 Rad8 19.Be3 Ng4 20.Rxh5 Rfe8 21.Qd3 Nf6 22.Rh4 Re6
23.Ne4 Qxb2 24.Nxf6+ gxf6 25.Rb1 Qxa2 26.Rg4+ Kf8 27.Qb3 Qxb3 28.Rxb3 Rd7
29.h4 Rd5 30.Bh6+ Ke7 31.Rb7+ Kd8 32.Rg8+  1-0

[Event "14th Chigorin Mem B"]
[Site "St-Petersburg RUS"]
[Date "2006.10.30"]
[Round "9"]
[White "Ivkina,O"]
[Black "Tjolsen,K"]
[Result "1-0"]
[WhiteElo "2206"]
[BlackElo "2051"]

1.e4 c5 2.Nf3 Nc6 3.Bb5 d6 4.O-O Bd7 5.Re1 Nf6 6.c3 a6 7.Bf1 Bg4 8.d4 Bxf3
9.gxf3 cxd4 10.cxd4 Qa5 11.Nc3 g5 12.Kh1 Rg8 13.Bh3 h5 14.b4 Qxb4 15.Nd5 Nxd5
16.exd5 g4 17.fxg4 hxg4 18.Bf1 Nxd4 19.Re4 Bg7 20.Be3 f5 21.Rxd4 Bxd4 22.Bxd4 Kf7
23.Qd3 Rg5 24.Qe3 Rh5 25.Re1 e5 26.dxe6+ Ke7 27.Rc1 Qa5 28.Bb6 Qe5 29.Rc7+ Ke8
30.Qxe5 dxe5 31.Bg2 e4 32.Bc5 Rh6 33.Re7+ Kd8 34.Rg7 Rxe6 35.Be3 Re8 36.Bb6+ Kc8
37.a4 Kb8 38.a5 Kc8 39.Bf1 f4 40.Kg2 Rh8 41.Bc4 Re8 42.Bd5  1-0

[Event "14th Chigorin Mem"]
[Site "St-Petersburg RUS"]
[Date "2006.10.30"]
[Round "9"]
[White "Airapetian,G"]
[Black "Klimov,A"]
[Result "1-0"]
[WhiteElo "2328"]
[BlackElo "2397"]

1.e4 c5 2.Nf3 Nc6 3.Bb5 g6 4.Bxc6 dxc6 5.d3 Bg7 6.h3 Nf6 7.Nc3 Nd7 8.Be3 e5
9.Qd2 h6 10.O-O Qe7 11.Nh2 Nf8 12.f4 exf4 13.Bxf4 Ne6 14.Bg3 Qg5 15.Qe1 Nd4
16.Qf2 O-O 17.Bd6 Nb3 18.Ne2 Nd4 19.Bxf8 Nxe2+ 20.Qxe2 Kxf8 21.Nf3 Qe7 22.e5 Be6
23.Rae1 Rd8 24.Qe3 Rd5 25.Qf4 Qc7 26.Re2 Qa5 27.a3 Qb6 28.Ref2 Kg8 29.Kh1 Qc7
30.Re1 f5 31.h4 Qd8 32.Rfe2 Bf8 33.Rd2 Kg7 34.d4 c4 35.c3 Be7 36.g3 Qe8 37.Rh2 Qf7
38.Nd2 Rd8 39.Nf1 g5 40.hxg5 hxg5 41.Qf2 Bd5+ 42.Kg1 f4 43.Qc2 Qg6 44.Qxg6+ Kxg6
45.gxf4 gxf4 46.Nd2 Kf5 47.Kf2 Rg8 48.e6 Rg3 49.Re5+ Kg4 50.Rh7 Bh4 51.Rxh4+ Kxh4
52.e7 Rg2+ 53.Kf1 Rxd2 54.e8=Q Bf3 55.Rh5+  1-0